00767nam a2200169Ia 450000500170000000800410001702000150005808200130007310000190008624500630010526000390016830000130020750002620022094200060048295200940048899900150058220240814022619.0240331s9999 xx 000 0 und d a0002070082 bALEa407 aAlexander, L.G 2aA first book in comprehension, precis and composition :b- aCalcuttabOrient Longman Ltdc1965 a121 p ., aThe Purpose of this book is to provide the immediately post elementary student with guidance in his first steps in comprehension, precis and composition. where English is taught as part of a general curriculum, this book may be begun after two years study. cL 001040708LaWERCLbWERCLcSSCd2024-03-31l0o 407 ALEp586r2024-03-31w2024-03-31yL c3032d3032